Statistics for Islands by Letter - D

Click here to take the quiz!

General Stats

  • This quiz has been taken 43 times
  • The average score is 2 of 9

Answer Stats

Clue Answer % Correct
Caribbean island nationDominica
97%
Largest island of North AfricaDjerba
31%
Largest uninhabited island on EarthDevon Island
22%
Birthplace of Apollo and ArtemisDelos
19%
Balearic dragon islandDragonera
16%
Largest Alabama islandDauphin
9%
A Dutch cityDordrecht
9%
One of the Pitcairn IslandsDucie
9%
Island belonging to the Madeira ArchipelagoDeserta Grande
3%

Score Distribution

Percentile by Number Answered

Percent of People with Each Score

Your Score History

You have not taken this quiz